000
00289nam a2200133Ia 4500
100
_a
Benovitchevalier
942
_c
BK
654
_a
competitive
245
_a
Competitive strategy:Options and games
260
_b
prentice hall
_c
2011
300
_a
488
546
_a
ENGLISH
999
_c
34248
_d
34248